00347nam a2200133Ia 4500008004100000020001500041041001200056082001100068100001700079245005300096260004200149300000800191650001400199221030s9999 xx 000 0 und d a8189757172 aEnglish a105.23 aA. K. Pandey 0aFundamentals of Compiler Designcby A. K. Pandey bS. K. Kataria & SonsaNew Delhic2011 a586 aComputers